000 00770nam a22002417a 4500
999 _c20235
_d20235
003 AR-CdUCM
008 190528b ||||| |||| 00| 0 spa d
040 _aMUNICIPALIDAD PROVINCIAL DEL CUSCO
_cBIBLIOTECA MUNICIPAL DEL CUSCO
041 _hger
082 _a510 /
_bK23
100 _aKarlson, Paul
_942299
245 _aLa magia de los números /
260 _aBarcelona :
_bLabor,
_c1960.
300 _a741 páginas ;
_c22 cm.
_bMapas.
505 _aContenido: De los números -- Numero y cardinal -- Como vinieron los números al mundo...
650 _aMatemáticas
_99398
650 _aRecreación
_942300
650 _aHistoria
_9136
650 _aNúmeros
_921432
700 _aFuentes, José (traductor)
_942301
942 _2ddc
_cLIBROS
945 _aJavier